书目信息 |
| 题名: |
钳工
|
|
| 作者: | 江光辉 编写 | |
| 分册: | ||
| 出版信息: | 长沙 湖南科学技术出版社 1981 |
|
| 页数: | 364页 | |
| 开本: | 19cm | |
| 丛书名: | 工人应知问答丛书 | |
| 单 册: | ||
| 中图分类: | TG9 | |
| 科图分类: | ||
| 主题词: | 钳工--问答 | |
| 电子资源: | ||
| ISBN: | ||
| 000 | 00635nam2 2200253 45 | |
| 001 | 0181000177 | |
| 005 | 20060727083851.28 | |
| 010 | @dCNY1.10 | |
| 091 | @a1284.53 | |
| 100 | @a19950630d1981 em y0chiy0121 ea | |
| 101 | 0 | @achi |
| 102 | @aCN@b430000 | |
| 105 | @ay z 000yy | |
| 200 | 10 | @a钳工@Aqian gong@f江光辉编写 |
| 210 | @a长沙@c湖南科学技术出版社@d1981 | |
| 215 | @a364页@d19cm | |
| 225 | 2 | @a工人应知问答丛书 |
| 410 | 0 | @120010@a工人应知问答丛书 |
| 606 | @a钳工@x问答 | |
| 690 | @aTG9@v3 | |
| 701 | 0 | @a江光辉@Ajiang guang hui@4编写 |
| 801 | 2 | @aCN@bNLC@c20060727 |
| 801 | 0 | @aCN@bTSSF |
| 905 | @a10447@dTG9@e21 | |
| 钳工/江光辉编写.-长沙:湖南科学技术出版社,1981 |
| 364页;19cm.-(工人应知问答丛书) |
| ISBN :CNY1.10 |
| ● |
| 相关链接 |
|
|
|
|
正题名:钳工
索取号:TG9/21
 
预约/预借
| 序号 | 登录号 | 条形码 | 馆藏地/架位号 | 状态 | 备注 |
| 1 | 0438704 | 204387047 | 密集书库/ [索取号:TG9/21] | 在馆 |